Les joueurs de foot les plus chers par année de naissance - Statistiques

Statistiques générales
  • Ce quiz a été pris 394 fois
    103 depuis la dernière actualisation
  • Le résultat moyen est 14 sur 31
Statistiques - réponses
Année de naissance Pays Prix Nom % Correct
1985 Portugal 12 millions Cristiano Ronaldo
89%
1998 France 180 millions Kylian Mbappé
87%
2007 Espagne 200 millions Lamine Yamal
86%
2000 Norvège 180 millions Erling Haaland
82%
1987 Argentine 18 millions Lionel Messi
80%
2003 Angleterre 180 millions Jude Bellingham
73%
1992 Egypte 50 millions Mohamed Salah
70%
1988 Pologne 12 millions Robert Lewandowski
69%
2005 France 90 millions Désiré Doué
67%
1993 Angleterre 75 millions Harry Kane
66%
2002 Espagne 140 millions Pedri
66%
2004 Portugal 80 millions Joao Neves
60%
1996 Espagne 110 millions Rodri
52%
1989 Allemagne 6 millions Thomas Muller
52%
1991 Pays-Bas 23 millions Virgil Van Dijk
52%
1986 Allemagne 4 millions Manuel Neuer
51%
2006 France 55 millions Warren Zaïre-Emery
48%
1997 Argentine 95 millions Lautaro Martinez
46%
2001 Angleterre 150 millions Bukayo Saka
45%
1999 Angleterre 120 millions Declan Rice
41%
1995 Allemagne 45 millions Joshua Kimmich
40%
1994 Portugal 50 millions Bruno Fernandes
37%
1984 Brésil 700 mille Thiago Silva
29%
1990 Angleterre 6 millions Kyle Walker
23%
1967 Japon 25 mille Kazuyoshi Miura
11%
2008 Italie 10 millions Francesco Camarda
10%
1983 Brésil 500 mille Dante
6%
1982 Espagne 600 mille Pepe Reina
6%
1981 Paraguay 250 mille Roque Santa Cruz
5%
1980 Brésil 100 mille Fabio
1%
2009 Autriche 600 mille Luca Weinhandl
1%
Aucun quiz correspondant
Distribution des résultats
% des personnes avec chaque résultat
Percentile par nombre de réponses
Votre historique - résultats
Vous n’avez pas pris ce quiz depuis la dernière actualisation